| 000 | 00894nam a22002777a 4500 | ||
|---|---|---|---|
| 001 | 1970 | ||
| 003 | CO-MdFUSB | ||
| 005 | 20170602113321.0 | ||
| 008 | 170602t1994 s ||||| |||| 00| 0 s d | ||
| 020 | _a84-7151-956-9 | ||
| 040 |
_aCO-MdFUSB _bspa _cCO-MdFUSB _dCO-MdFUSBC _erda |
||
| 041 | 0 | _aspa | |
| 082 | 0 | 4 | _aG 221.04 B8537t |
| 100 | 1 |
_aPuech, Émile _eautor |
|
| 245 | 0 |
_aTratados y juramentos en el Antiguo Oriente Próximo _c / Émile Puech, Jacques Briend, René Lebrun ; Nicolás Darrícal, Traductor |
|
| 264 | 4 |
_aEstella, Navarra, España : _b Verbo Divino, _c©1994 |
|
| 300 | _a109 Pag | ||
| 336 |
_2rdacontent _a1 _ba1 |
||
| 337 |
_2rdamedia _a2 _b5 |
||
| 338 |
_2rdacarrier _a2 _b5 |
||
| 500 | _aTítulo original : Traités et serments dans le Proche-Orient Ancien | ||
| 650 | 7 |
_aLiteratura clásica _9109 |
|
| 653 | _aCercano Oriente | ||
| 653 | _aAlianzas | ||
| 942 | _cBK | ||
| 999 |
_c33069 _d33069 |
||